[Event "Berlin Kreuzberg op 3th"]
[Site "Berlin"]
[Date "2002.07.12"]
[Round "7"]
[White "Iljins, Alexander"]
[Black "Rennspiess, Jens"]
[Result "1-0"]
[WhiteElo "1676"]
[BlackElo "1787"]
[PlyCount "37"]
[EventDate "2002.07.06"]
[EventType "swiss"]
[EventRounds "9"]
[EventCountry "GER"]
[SourceTitle "EXT 2022"]
[Source "ChessBase"]
[SourceDate "2021.10.06"]
[SourceVersion "1"]
[SourceVersionDate "2021.10.06"]
[SourceQuality "1"]

1. e4 c6 2. d4 d5 3. f3 dxe4 4. fxe4 e5 5. Nf3 exd4 6. Qxd4 Qxd4 7. Nxd4 c5 8. Nb5 Kd8 9. Bf4 Na6 10. N1c3 Bg4 11. h3 Be6 12. 0-0-0+ Ke8 13. Nd5 Bxd5 14. exd5 Kd7 15. Bc4 g6 16. Rhe1 Bh6 17. Bxh6 Nxh6 18. Nc3 Rae8 19. Bb5+ 1-0

[Event "Berlin Kreuzberg op 3th"]
[Site "Berlin"]
[Date "2002.07.07"]
[Round "2"]
[White "Reiche, Henry"]
[Black "Iljins, Alexander"]
[Result "0-1"]
[WhiteElo "2100"]
[BlackElo "1676"]
[PlyCount "94"]
[EventDate "2002.07.06"]
[EventType "swiss"]
[EventRounds "9"]
[EventCountry "GER"]
[SourceTitle "EXT 2022"]
[Source "ChessBase"]
[SourceDate "2021.10.06"]
[SourceVersion "1"]
[SourceVersionDate "2021.10.06"]
[SourceQuality "1"]

1. e4 c5 2. Nc3 e6 3. g3 b6 4. Bg2 Bb7 5. Nf3 Nf6 6. d3 Be7 7. 0-0 0-0 8. e5 Nd5 9. Ne4 d6 10. exd6 Bxd6 11. Nxd6 Qxd6 12. Ng5 Nc6 13. Be3 Nxe3 14. fxe3 Qe5 15. Qg4 Qxe3+ 16. Kh1 Ne5 17. Qh4 Bxg2+ 18. Kxg2 h6 19. Ne4 Ng6 20. Qh5 Rad8 21. Rae1 Qd4 22. Nc3 Qb4 23. Rb1 c4 24. a3 Qd6 25. Rbd1 Qc6+ 26. Kg1 cxd3 27. cxd3 Qc5+ 28. Qxc5 bxc5 29. Ne4 Rb8 30. Rd2 Rfc8 31. Rc1 Ne5 32. Kf2 c4 33. Nd6 Rc6 34. dxc4 Rd8 35. c5 Kf8 36. b4 Rdxd6 37. Rxd6 Rxd6 38. cxd6 Nd3+ 39. Ke3 Nxc1 40. Kd4 Ke8 41. d7+ Kxd7 42. Kc5 Nd3+ 43. Kc4 Nxb4 44. Kxb4 Kd6 45. Kb5 e5 46. Ka6 e4 47. Kxa7 Kc7 0-1

[Event "Berlin Kreuzberg op 3th"]
[Site "Berlin"]
[Date "2002.07.06"]
[Round "1"]
[White "Iljins, Alexander"]
[Black "Kapr, Klaus"]
[Result "1/2-1/2"]
[WhiteElo "1676"]
[BlackElo "2081"]
[PlyCount "55"]
[EventDate "2002.07.06"]
[EventType "swiss"]
[EventRounds "9"]
[EventCountry "GER"]
[SourceTitle "EXT 2022"]
[Source "ChessBase"]
[SourceDate "2021.10.06"]
[SourceVersion "1"]
[SourceVersionDate "2021.10.06"]
[SourceQuality "1"]

1. e4 c6 2. d4 d5 3. exd5 cxd5 4. c4 Nf6 5. Nf3 e6 6. Be2 Bb4+ 7. Bd2 a5 8. 0-0 Nc6 9. Bg5 Be7 10. Nc3 0-0 11. a3 Ne4 12. Bxe7 Qxe7 13. cxd5 Nxc3 14. bxc3 exd5 15. Re1 Bg4 16. Qb3 Qd7 17. Rad1 Rfe8 18. Ne5 Nxe5 19. dxe5 Be6 20. Bb5 Qc7 21. Bxe8 Rxe8 22. Rb1 Rb8 23. Qb2 b5 24. a4 Bf5 25. Rbd1 bxa4 26. Qa3 Rd8 27. Qxa4 Qxc3 28. Qb5 1/2-1/2

[Event "GER-ch U14"]
[Site "Winterberg"]
[Date "2002.05.20"]
[Round "3"]
[White "Iljins, Alexander"]
[Black "Lutz, Dieter"]
[Result "0-1"]
[WhiteElo "1747"]
[BlackElo "2067"]
[PlyCount "142"]
[EventDate "2002.05.19"]
[EventType "swiss"]
[EventRounds "9"]
[EventCountry "GER"]
[SourceTitle "CBM 088 Extra"]
[Source "ChessBase"]
[SourceDate "2002.07.01"]
[SourceVersion "2"]
[SourceVersionDate "2002.07.01"]
[SourceQuality "1"]

1. e4 c5 2. Nf3 e6 3. b3 Nc6 4. c4 d6 5. Bb2 Nf6 6. Nc3 Be7 7. d4 cxd4 8. Nxd4 a6 9. Be2 0-0 10. 0-0 Qc7 11. Qd2 Ne5 12. Rae1 Ng6 13. Bd1 Bd7 14. Bc2 Rad8 15. Nde2 Bc6 16. h3 Rfe8 17. Ng3 b6 18. f4 d5 19. cxd5 exd5 20. e5 d4 21. Nce4 Nxe4 22. Bxe4 Bb5 23. Rf2 d3 24. Rc1 Bc5 25. Kh1 Qd7 26. Rff1 a5 27. a3 Ba6 28. b4 axb4 29. axb4 Bf8 30. Bc6 Qe7 31. Bxe8 Rxe8 32. Bc3 Rd8 33. Rfe1 Qh4 34. Nf5 Qxf4 35. Qxf4 Nxf4 36. Bd2 Ne6 37. Rc6 Rb8 38. Rcc1 g6 39. Ng3 Nd4 40. Rb1 Rc8 41. Re4 Ne2 42. Nxe2 dxe2 43. b5 Rc2 44. bxa6 Rxd2 45. a7 Rd1+ 46. Kh2 Rxb1 47. a8Q e1Q 48. Rxe1 Rxe1 49. Qd5 Bc5 50. Qd8+ Kg7 51. Qf6+ Kg8 52. Qf4 h5 53. Qf6 Re3 54. h4 Re4 55. Kg3 Re1 56. Qd8+ Bf8 57. Qxb6 Rxe5 58. Qb8 Re6 59. Kh3 Kg7 60. Qb2+ Kh7 61. Qf2 Kg8 62. Qd4 Bg7 63. Qc4 Rf6 64. g4 hxg4+ 65. Kxg4 Rf5 66. Qc8+ Kh7 67. Qc2 Bf6 68. Qc7 Kg7 69. Qc2 Rh5 70. Kf3 Rxh4 71. Qc5 Rh5 0-1

[Event "JBLN Ost 0102"]
[Site "Germany"]
[Date "2002.01.13"]
[Round "?"]
[White "Iljins, Alexander"]
[Black "Krohne, Robert"]
[Result "0-1"]
[WhiteElo "1676"]
[BlackElo "1604"]
[PlyCount "52"]
[EventDate "2002.10.??"]
[EventType "team"]
[EventRounds "9"]
[EventCountry "GER"]
[SourceTitle "EXT 2005"]
[Source "ChessBase"]
[SourceDate "2004.11.15"]
[SourceVersion "1"]
[SourceVersionDate "2004.11.15"]
[SourceQuality "1"]

1. e4 e6 2. d4 d5 3. exd5 exd5 4. c4 Nf6 5. Nc3 Nc6 6. Be3 Bb4 7. Qb3 0-0 8. 0-0-0 Bxc3 9. Qxc3 dxc4 10. Bxc4 Nd5 11. Qb3 Na5 12. Qb5 c6 13. Qa4 b5 14. Bxb5 cxb5 15. Qxb5 Bg4 16. Rd2 Rb8 17. Qa4 Rb4 18. Qa3 Nc4 19. Qxa7 Nxd2 20. Bxd2 Rc4+ 21. Kb1 Bf5+ 22. Ka1 Rc2 23. Nf3 Qb8 24. Qa3 Rfc8 25. h4 Qc7 26. b3 Nc3 0-1

[Event "Lucky op 2nd"]
[Site "Hamburg"]
[Date "1999.10.19"]
[Round "5"]
[White "Brzuska, Christina"]
[Black "Iljins, Alexander"]
[Result "1/2-1/2"]
[WhiteElo "1515"]
[BlackElo "800"]
[PlyCount "68"]
[EventDate "1999.10.??"]
[EventType "swiss"]
[EventRounds "9"]
[EventCountry "GER"]
[SourceTitle "EXT 2001"]
[Source "ChessBase"]
[SourceDate "2000.11.22"]
[SourceVersion "1"]
[SourceVersionDate "2000.11.22"]
[SourceQuality "1"]

1. e4 c5 2. Nf3 d6 3. d4 cxd4 4. Nxd4 Nf6 5. Nc3 g6 6. Be3 Bg7 7. Qd2 0-0 8. Bh6 a5 9. Bxg7 Kxg7 10. Be2 Nc6 11. 0-0 Bd7 12. Nf3 Rb8 13. Nh4 Rc8 14. Qg5 Nd4 15. Bd3 Ne6 16. Qg3 Nh5 17. Nf5+ Kh8 18. Qh4 Neg7 19. Nh6 e6 20. Qg4 e5 21. Qf3 Qf6 22. Qxf6 Nxf6 23. Nd5 Nxd5 24. exd5 Ne8 25. h3 f5 26. g4 fxg4 27. Nxg4 Nf6 28. f3 Nxd5 29. Be4 Bc6 30. Rad1 Nf6 31. Rxd6 Nxe4 32. fxe4 Rxf1+ 33. Kxf1 Bxe4 34. c3 Rf8+ 1/2-1/2

[Event "Lucky op 2nd"]
[Site "Hamburg"]
[Date "1999.10.17"]
[Round "4"]
[White "Iljins, Alexander"]
[Black "Warneke, Perygrin"]
[Result "1-0"]
[WhiteElo "800"]
[BlackElo "1442"]
[PlyCount "111"]
[EventDate "1999.10.??"]
[EventType "swiss"]
[EventRounds "9"]
[EventCountry "GER"]
[SourceTitle "EXT 2001"]
[Source "ChessBase"]
[SourceDate "2000.11.22"]
[SourceVersion "1"]
[SourceVersionDate "2000.11.22"]
[SourceQuality "1"]

1. e4 e6 2. d4 d5 3. exd5 exd5 4. c4 c6 5. Nc3 Nf6 6. h3 Be7 7. Nf3 0-0 8. c5 Re8 9. Be2 b6 10. cxb6 axb6 11. 0-0 Bb4 12. Bd2 Ba6 13. Bxa6 Nxa6 14. a3 Bd6 15. Re1 Qc7 16. Rc1 Bf4 17. Nb5 Rxe1+ 18. Qxe1 Qb8 19. Nc3 Bxd2 20. Qxd2 Qd6 21. Re1 Re8 22. Rxe8+ Nxe8 23. Qe2 Nf6 24. Qxa6 b5 25. Qa8+ Qf8 26. Qxf8+ Kxf8 27. Kf1 Ke7 28. Ne5 Ke6 29. g4 h6 30. Nxc6 Ne4 31. Ke2 Nd6 32. b3 f5 33. Ne5 fxg4 34. hxg4 Ne4 35. Nxb5 g5 36. a4 Nf6 37. f3 h5 38. gxh5 Nxh5 39. a5 Nf4+ 40. Ke3 Kf5 41. a6 Ng2+ 42. Kf2 Nf4 43. a7 Nh3+ 44. Kg3 Ng1 45. a8Q Ne2+ 46. Kf2 Nxd4 47. Nxd4+ Kxe5 48. Ne2 Kd6 49. Nc3 Kc5 50. Qxd5+ Kb4 51. Qc4+ Ka3 52. Nb5+ Kb2 53. Qc3+ Ka2 54. Qc2+ Ka1 55. Nc3 g4 56. Qa2# 1-0